SECURING CRITICAL INFRASTRUCTURES AND CRITICAL CONTROL SYSTEMS (Record no. 216812)

MARC details
000 -LEADER
fixed length control field 00567nam a22001697a 4500
008 - FIXED-LENGTH DATA ELEMENTS--GENERAL INFORMATION
fixed length control field 260309b |||||||| |||| 00| 0 eng d
020 ## - INTERNATIONAL STANDARD BOOK NUMBER
International Standard Book Number 978-1-4666-2659-1
100 ## - MAIN ENTRY--PERSONAL NAME
Personal name LAING, CHRISTOPHER
245 ## - TITLE STATEMENT
Title SECURING CRITICAL INFRASTRUCTURES AND CRITICAL CONTROL SYSTEMS
Remainder of title APPROACHES FOR THREAT PROTECTION
260 ## - PUBLICATION, DISTRIBUTION, ETC.
Place of publication, distribution, etc. HERSHEY
Name of publisher, distributor, etc. INFORMATION SCIENCE REFERENCE
Date of publication, distribution, etc. 2013
300 ## - PHYSICAL DESCRIPTION
Extent XIX, , 430P.
500 ## - GENERAL NOTE
General note INCLUDES INDEX
650 ## - SUBJECT ADDED ENTRY
Topical term or geographic name entry element 1. BUILDINGS -SECURITY MEASURES 2. INTELLIGENT BUILDINGS
700 ## - ADDED ENTRY--PERSONAL NAME
Personal name BADII, ATTA
942 ## - ADDED ENTRY ELEMENTS (KOHA)
Source of classification or shelving scheme Library of Congress Classification
Koha item type Long Loan Book
Holdings
Withdrawn status Lost status Source of classification or shelving scheme Damaged status Not for loan Collection Home library Current library Shelving location Date acquired Inventory number Total checkouts Full call number Barcode Date last seen Copy number Price effective from Koha item type
    Library of Congress Classification     Science & Technology Kisii University Library Kisii University Library On Display 03/09/2026 111835   TH 9705 .S43 2013 000000024117 03/09/2026 1 03/09/2026 Long Loan Book
    Library of Congress Classification     Science & Technology Kisii University Library Kisii University Library On Display 03/09/2026 111836   TH 9705 .S43 2013 000000024116 03/09/2026 2 03/09/2026 Long Loan Book
    Library of Congress Classification     Science & Technology Kisii University Library Kisii University Library On Display 03/09/2026 112384   TH 9705 .S43 2013 000000024115 03/09/2026 3 03/09/2026 Long Loan Book
    Library of Congress Classification     Science & Technology Kisii University Library Kisii University Library On Display 03/09/2026 112385   TH 9705 .S43 2013 000000024114 03/09/2026 4 03/09/2026 Long Loan Book